Travel guide : Korea

Saved in:
Bibliographic Details
Format: Book
Language:English
Published: Korea : Korea Tourism Organization, 2014.
Subjects:
Tags: Add Tag
No Tags, Be the first to tag this record!

MARC

LEADER 00000cam a2200000 a 4500
001 1/117854
008 190121t2014####cc | ||| |||| ||eng||
040 |a GR-MyUa  |b gre  |c GR-MyUa  |e AACR2 
041 0 |a eng 
082 7 |a 915.19   |2 (23)  
110 1
245 1 |a Travel guide :   |b Korea / Korea Tourism Organization.  
260 |a Korea :   |b Korea Tourism Organization,   |c 2014.  
300 |a 193 σ. :   |b έγχρ. εικ. ;   |c 19 εκ.  
651 0 |a Korea   |x Guidebooks. 
852 |a INST  |b CHIOS  |e 20190121  |h 915.19 KOR  |p 005200040144  |q 005200040144  |t BK  |y 0 
970 |a Σπέντζα  |b Ελένη  |z 21-01-2019